Demirel demek,yolsuzluk ve yalan... (Record no. 3637)

MARC details
000 -BAŞLIK
Sabit Uzunlukta Kontrol Alanı 00914na a2200229 4500
001 - KONTROL NUMARASI
Denetim Alanı 15920
003 - KONTROL NUMARASI IDENTIFIER
Denetim Alanı MIRAKIL
005 - SON İŞLEM TARİHİ VE ZAMANI
Denetim Alanı 20181213154938.0
008 - SABİT-BOY VERİ ELEMANLARI - GENEL BİLGİLER
Sabit Uzunlukta Kontrol Alanı 161108b tu 000 0
040 ## - KATALOGLAMA KAYNAK
Orijinal Kataloglama Ajansı Milas
Kataloglama Dili tur
Metne Dönüştürmek Ajansı TR-AnCHP
082 ## - DEWEY ONLU SINIFLANDIRMA NUMARASI
Sınıflandırma Numarası CHP 346.3
Ürün Numarası E13d 1975
090 ## - SINIFLAMA NUMARASI
Sınıflama Numarası CHP 346.3 E13d 1975
100 ## - ANA GİRİŞ - KİŞİSEL İSİM
Kişisel Ad Ecevit, Bülent
Bir Adıyla İlişkilendirilen Tarihler 1925-2006
245 ## - BAŞLIK TABLOSU
Başlık Demirel demek,yolsuzluk ve yalan...
Başlığın Kalan Demirel yönetimi demek, kardeşler ve yeğenlerin soygun düzeni demektir.
Sorumluluk Tablosu, Vb Bülent Ecevit
260 ## - YAYIN, DAĞITIM, VB
Yayın, Dağıtım, Vb Yeri Ankara
Yayıncı, Dağıtıcı, Vs Adı [yay.y.]
Yayın, Dağıtım, Vb Tarihi 1975
Üretici Firma Ajans-Türk Matbacılık
300 ## - FİZİKSEL TANIM
Kapsam 24 s.
Boyutlar 16 sm.
500 ## - GENEL NOT
Genel Not Kitabın tam adı: Demirel demek,yolsuzluk ve yalan demektir. Devlet kasasını talan demektir.
500 ## - GENEL NOT
Genel Not Bu kitap cumhuriyet halk partisi genel başkanı Bülent Ecevit'in konuşmalarından oluşmaktadır.
600 ## - KONU KATMA GİRİŞ - KURUMSAL ADI
Kişisel Ad Demirel,Süleyman
Genel Alt Bölümü Yolsuzluklar
600 ## - KONU KATMA GİRİŞ - KURUMSAL ADI
Kişisel Ad Ecevit, Bülent
Genel Alt Bölümü Konuşmalar
942 ## - EKLENDİ GİRİŞ ELEMANLARI (KOHA)
Sınıflandırma Veya Raf Düzeni Kaynak
Koha Öğesi Türü Books
999 ## - SİSTEM KONTROL NUMARALARI (KOHA)
Koha Biblionumber 3637
Koha Biblioitemnumber 3637
Holdings
Kalıcı Konum Mevcut Konum Edinme Tarihi Edinim Kaynak Toplam Check-Out'Lar Tam Çağrı Numarası Barkod Tarih Son Görülme İtibaren Geçerli Fiyatlar Koha Öğesi Türü Kopya Sayısı
CHP Kütüphanesi CHP Kütüphanesi 09/27/2016 Bağış   CHP 346.3 E13d 1975 004585 09/27/2016 09/27/2016 Books  
CHP Kütüphanesi CHP Kütüphanesi 09/27/2016 Bağış   CHP 346.3 E13d 1975 004586 09/27/2016 09/27/2016 Books k.2